000 00374nam a2200145Ia 4500
008 100122s9999 xx 000 0 und d
082 _b14885
_a822
100 _aनांगरे बलराम
245 _aधनंजय
260 _bगं.रा.पाठक
_c1966
300 _a161
630 _aधनंजय
730 _aधनंजय
942 _cBOOK
999 _c405228
_d405225